Diccionario de Historia de España / dirigido por Germán Bleiberg
Descripción Física:
3 v. ; 24 cm
Colección:
Alianza diccionarios
Otros Autores:
Bleiberg, Germán
Materias:
Espanya -- Història -- Diccionaris
MARC
| LEADER | 00000nam a2200000Ia 4500 | ||
|---|---|---|---|
| 001 | 2248, 2249, 2250 | ||
| 008 | 160829s1981 xx 000 0 cat d | ||
| 080 | |a H-1-265, H-1-266, H-1-267 | ||
| 245 | |a Diccionario de Historia de España / dirigido por Germán Bleiberg | ||
| 250 | |a 2a ed. | ||
| 260 | |a Madrid : |b Alianza, |c 1981 | ||
| 300 | |a 3 v. ; |c 24 cm | ||
| 490 | |a Alianza diccionarios | ||
| 590 | |a Conté: v. 1: A - E; v. 2: F - M; v. 3: N - Z | ||
| 650 | |a Espanya |x Història |x Diccionaris |9 36635 | ||
| 700 | 1 | |a Bleiberg, Germán |9 36636 | |
| 901 | |a Arxiu | ||
| 942 | |n 1 | ||
| 952 | |0 0 |1 0 |4 0 |6 H1265_H1266_H1267 |7 1 |9 47406 |a Arxiu |b Arxiu |d 2016-12-01 |l 0 |o H-1-265, H-1-266, H-1-267 |p 2248, 2249, 2250 |r 2016-12-01 00:00:00 |w 2016-12-01 |y ARXIU | ||
| 999 | |c 51204 |d 51204 | ||